| 000 | 00424nam a22001457a 4500 | ||
|---|---|---|---|
| 999 |
_c533716 _d533716 |
||
| 003 | NUST | ||
| 005 | 20200116153917.0 | ||
| 038 | _aNusrat Nadeem | ||
| 082 | _a004 FAH | ||
| 100 |
_aNawaz Fahad _927680 |
||
| 245 |
_aMS Thesis:Aerodynamic Assessment of a Generic Airfoil with Active Flow ControTechnique _cFahad Nawaz |
||
| 260 |
_aIslamabad _bRCMS NUST _c2019 |
||
| 710 | _4Dr.Adnan Maqsood [Supervisor] | ||
| 942 |
_2ddc _cTHE |
||